| 000 | 00517nam a2200217Ia 4500 | ||
|---|---|---|---|
| 005 | 20250425162754.0 | ||
| 008 | 250425s9999 xx 000 0 und d | ||
| 020 | _a9789942034458 | ||
| 041 | _aspa | ||
| 043 | _aec | ||
| 082 | _a860 | ||
| 100 | _aHERRERA CRESPO, PATRICIO | ||
| 245 | 0 | _aLA BUFANDA DEL SOL: ENSAYO 1 | |
| 250 | _a1A ED. | ||
| 260 |
_aEcuador _bLA PALABRA _c2011 |
||
| 260 | _aQUITO | ||
| 650 | _aENSAYOS LITERARIOS | ||
| 650 | _aLITERATURA ECUATORIANA | ||
| 942 | _c01 | ||
| 010 | _a107468 | ||
| 999 |
_c236124 _d236124 |
||